000
00328nam a22001457a 4500
003
SGT
082
_a
515.353 PUN
100
_a
PUNDIR, SUDHIR K
245
_a
DIFFERENTIALS EQUATIONS AND INTEGRAL
250
_a
3
260
_a
MEERUT
_b
PRAGATI PRAKASHAN
_c
2015
300
_a
616
650
_a
MATHEMATICS
942
_2
ddc
_c
FPS
_0
30
999
_c
10052
_d
10052